000 04690nam a22005057a 4500
005 2008061302492.0
008 080613t xxu||||| |||| 00| 0 eng d
010 _aENG-90479 B-312404-419
020 _a9788120335455
_c295.00
035 _aEN-74012
035 _aB-312404-419
035 _aB-3157597
037 _bDBAD / PUB
037 _bUBH
040 _adpl
_bEnglish
082 _a658.3
100 _aHersey, Paul
245 _aManagement of organizational behavior :
_cby Paul Hersey, Kenneth H. Blanchard [and] Dewey E. Johnson
_bleading human resources /
250 _a9th ed
260 _aNew Delhi
_bPrentice-Hall of India
_c2008
270 _aM-97, Connaught Circus,
_bNew Delhi
_e110001
300 _axvi, 334p.
_c23 cm (pbk)
500 _aIncludes index
942 _cEN
_h658.3
_2ddc
_mHER
999 _c14263
_d14263